| 000 | 00440nam a2200181Ia 4500 | ||
|---|---|---|---|
| 001 | 9650 | ||
| 005 | 20260306161734.0 | ||
| 008 | 260306t2008||||xx |||||||||||||| ||spa|| | ||
| 041 | _aESP | ||
| 082 |
_a387.5 _bE41 |
||
| 100 |
_aElías y Rivera, Guillermo _eAUT |
||
| 245 | 0 | _aEl comercio maritimo en el sur del Perú | |
| 260 | _c2008 | ||
| 300 |
_a88 páginas : _c24 cm. |
||
| 650 | _aGEN | ||
| 654 | _aCHU | ||
| 942 |
_cLIB _dJUS _fJUS _2ddc _n |
||
| 999 |
_c9650 _d9650 |
||